Ατομική και πυρηνική φυσική
Αποθηκεύτηκε σε:
| Κύριος συγγραφέας: | |
|---|---|
| Μορφή: | Βιβλίο |
| Γλώσσα: | Greek |
| Δημοσίευση: |
Αθήναι :
Ελληνική Επιτροπή Ατομικής Ενέργειας,
1969.
|
| Θέματα: | |
| Ετικέτες: |
Προσθήκη ετικέτας
Δεν υπάρχουν, Καταχωρήστε ετικέτα πρώτοι!
|
MARC
| LEADER | 00000cam a2200000 i 4500 | ||
|---|---|---|---|
| 001 | 1/6151 | ||
| 008 | 000610s1969 gr | ||| |||| ||gre|| | ||
| 035 | |l 10061833 | ||
| 040 | |a GR-MyUa |b gre |e AACR2 | ||
| 041 | 0 | |a gre | |
| 082 | 7 | |a 539.7 |2 (22) | |
| 100 | 1 | |a Περιστεράκης, Σαλτερής Γ. | |
| 245 | 1 | 0 | |a Ατομική και πυρηνική φυσική / |c Σαλτέρη Γ. Περιστεράκη ; πρόλογος Παν. Δημόπουλου. |
| 260 | |a Αθήναι : |b Ελληνική Επιτροπή Ατομικής Ενέργειας, |c 1969. | ||
| 300 | |a 247 σ. |b εικ., διαγρ., πιν. | ||
| 500 | |a Περιλαμβάνει ευρετήριο. | ||
| 650 | 0 | |a Nuclear physics. | |
| 852 | |a INST |b LESVOS |e 20000610 |h 539.7 ΠΕΡ |p 005100023475 |q 005100023475 |t BK |y 0 | ||
| 901 | |a BIBL1-2000-2 | ||
| 970 | |z 2000/06/Γεωργία | ||